000 00406nam a2200169Ia 4500
008 221030s9999 xx 000 0 und d
020 _a8120329139
041 _aEnglish
082 _a105.23
_bTan
100 _aA. S. Tanenbaum
245 0 _aStructured Computer Organization
_cby A. S. Tanenbaum
250 _a5th
260 _bPHI
_aDelhi
_c2006
300 _a777
650 _aBE Computer
942 _cBK
999 _c3143
_d3143